000 00488nam a22001817a 4500
003 DO-SdBNP
005 20171201105247.0
008 171201b ck||||| |||| 00| 0 spa d
020 _a9580407940
040 _aBPMSU
_bspa
_cBPMSU
100 1 _aClemence, John
245 1 0 _aLa electricidad /
_cJohn Clemence , Janet Clemence
260 _aBogotá :
_bNorma
_c1989
300 _a31 p.
_bil.
_c25 cm
942 _2ddc
_cBK
945 _ainventariado extranjero / DG
956 _adgarcia
_b10
999 _c13233
_d13233